000
00294nam a2200109Ia 4500
008
200302s9999 xx 000 0 und d
100
_a
Harold Carter
245
_a
The Study of Urban Geography 4th ed
260
_b
Arnold A Member of the Hodder Headline Group
260
_c
2002
300
_a
420 P.,
999
_c
5696
_d
5696